<?xml version="1.0" encoding="UTF-8"?>
<record
    xmlns:xsi="http://www.w3.org/2001/XMLSchema-instance"
    xsi:schemaLocation="http://www.loc.gov/MARC21/slim http://www.loc.gov/standards/marcxml/schema/MARC21slim.xsd"
    xmlns="http://www.loc.gov/MARC21/slim">

  <leader>01027nam a22002297a 4500</leader>
  <controlfield tag="003">OSt</controlfield>
  <controlfield tag="005">20260310104239.0</controlfield>
  <controlfield tag="008">251020b        |||||||| |||| 00| 0 ESPAd</controlfield>
  <datafield tag="020" ind1=" " ind2=" ">
    <subfield code="a">9789978481288</subfield>
  </datafield>
  <datafield tag="082" ind1=" " ind2=" ">
    <subfield code="2">9789978481288</subfield>
  </datafield>
  <datafield tag="100" ind1=" " ind2=" ">
    <subfield code="a">Ernest Theodor Amadeus Hoffmann</subfield>
  </datafield>
  <datafield tag="245" ind1=" " ind2=" ">
    <subfield code="a">La vasija de Oro y otros Cuentos Fant&#xE1;sticos </subfield>
  </datafield>
  <datafield tag="260" ind1=" " ind2=" ">
    <subfield code="a">Quito-Ecuador </subfield>
    <subfield code="b">Velasque &amp; Velasquez</subfield>
    <subfield code="c">2016</subfield>
  </datafield>
  <datafield tag="300" ind1=" " ind2=" ">
    <subfield code="a">245PAG</subfield>
    <subfield code="c">21X17 cm</subfield>
  </datafield>
  <datafield tag="490" ind1=" " ind2=" ">
    <subfield code="3">vinil</subfield>
  </datafield>
  <datafield tag="520" ind1=" " ind2=" ">
    <subfield code="a">El protagonista, Anselmo, es un joven estudiante so&#xF1;ador que un d&#xED;a tropieza con una anciana y derrama su cesta de frutas. Este hecho aparentemente casual lo conduce a un mundo m&#xE1;gico, donde conoce a Serpentina, una criatura maravillosa, hija del archivero Lindhorst, quien resulta ser un poderoso esp&#xED;ritu guardi&#xE1;n de secretos antiguos.</subfield>
  </datafield>
  <datafield tag="650" ind1=" " ind2=" ">
    <subfield code="2">La vasija de oro </subfield>
    <subfield code="a">el cascanueces y el rey de los ratones  </subfield>
  </datafield>
  <datafield tag="650" ind1=" " ind2=" ">
    <subfield code="2">El cascanueces y el rey de los ratones </subfield>
  </datafield>
  <datafield tag="650" ind1=" " ind2=" ">
    <subfield code="2">La suerte del jugador </subfield>
  </datafield>
  <datafield tag="700" ind1=" " ind2=" ">
    <subfield code="a"> Theodor Amadeus </subfield>
  </datafield>
  <datafield tag="942" ind1=" " ind2=" ">
    <subfield code="2">ddc</subfield>
    <subfield code="c">BK</subfield>
    <subfield code="n">0</subfield>
  </datafield>
  <datafield tag="952" ind1=" " ind2=" ">
    <subfield code="0">0</subfield>
    <subfield code="1">0</subfield>
    <subfield code="2">ddc</subfield>
    <subfield code="4">0</subfield>
    <subfield code="7">0</subfield>
    <subfield code="8">E02</subfield>
    <subfield code="a">ISUS</subfield>
    <subfield code="b">ISUS</subfield>
    <subfield code="c">Biblioteca Abierta</subfield>
    <subfield code="d">2026-03-10</subfield>
    <subfield code="i">0445</subfield>
    <subfield code="l">0</subfield>
    <subfield code="o">LECTURA</subfield>
    <subfield code="p">BIBLIO0445</subfield>
    <subfield code="r">2026-03-10 10:14:42</subfield>
    <subfield code="t">1</subfield>
    <subfield code="w">2026-03-10</subfield>
    <subfield code="y">BK</subfield>
  </datafield>
  <datafield tag="999" ind1=" " ind2=" ">
    <subfield code="c">2015</subfield>
    <subfield code="d">2015</subfield>
  </datafield>
</record>
